Vista normal Vista MARC

Entrada Topical Term

Número de registros utilizados en: 1

001 - CONTROL NUMBER

  • control field: 41652

003 - CONTROL NUMBER IDENTIFIER

  • control field: OSt

005 - DATE AND TIME OF LATEST TRANSACTION

  • control field: 20211123115037.0

008 - FIXED-LENGTH DATA ELEMENTS

  • fixed length control field: 211123|| aca||aabn | a|a d

040 ## - CATALOGING SOURCE

  • Original cataloging agency: OSt
  • Transcribing agency: OSt

150 ## - HEADING--TOPICAL TERM

  • Topical term or geographic name entry element: Desarrollo económico y social

670 ## - SOURCE DATA FOUND

  • Source citation: Work cat.: (OSt)8787: Bauer, Peter Thomas, 18287 autor, Crítica de la teoría del desarrollo / , ©1988